[Event "Krakow Olimpic op"]
[Site "Krakow"]
[Date "2019.10.05"]
[Round "2"]
[White "Jozefczyk, Szymon"]
[Black "Swierczynski, Jan"]
[Result "1-0"]
[WhiteElo "1629"]
[BlackElo "1225"]
[PlyCount "75"]
[EventDate "2019.10.04"]
[EventType "swiss"]
[EventRounds "5"]
[EventCountry "POL"]
[SourceTitle "EXT 2020"]
[Source "ChessBase"]
[SourceDate "2019.10.17"]
[SourceVersion "1"]
[SourceVersionDate "2019.10.17"]
[SourceQuality "1"]

1. d4 d5 2. Nc3 Bf5 3. Bf4 e6 4. f3 Nf6 5. g4 Bg6 6. h4 h5 7. g5 Nfd7 8. e3 Nb6 9. Bd3 Bxd3 10. cxd3 Bd6 11. Nge2 a6 12. Kf2 Nc6 13. Bxd6 Qxd6 14. f4 0-0-0 15. Ng3 g6 16. Nge2 Kb8 17. Ng1 Nd7 18. Nf3 Rhf8 19. Ne5 Ndxe5 20. fxe5 Qb4 21. Qb3 Qxb3 22. axb3 Nb4 23. Ke2 b5 24. Na2 Nxa2 25. Rxa2 Kb7 26. b4 Rd7 27. b3 c6 28. Kd2 Ra8 29. Rc1 Rc7 30. Rc5 Rd8 31. Rc1 Re8 32. Kc3 Rd8 33. Rf1 Re8 34. Raf2 Rf8 35. Rf6 Rg8 36. Rxf7 Rxf7 37. Rxf7+ Kc8 38. Kd2 1-0

[Event "POL-chT U20"]
[Site "Kudowa Zdroj"]
[Date "2018.07.25"]
[Round "5.21"]
[White "Jozefczyk, Szymon"]
[Black "Oleksy, Krzysztof1"]
[Result "1/2-1/2"]
[WhiteElo "1734"]
[BlackElo "1813"]
[PlyCount "77"]
[EventDate "2018.07.21"]
[EventType "team-tourn"]
[EventRounds "9"]
[EventCountry "POL"]
[SourceTitle "CBM 186 Extra"]
[Source "ChessBase"]
[SourceDate "2018.08.24"]
[SourceVersion "1"]
[SourceVersionDate "2018.08.24"]
[SourceQuality "1"]

1. e4 c5 2. Ne2 d6 3. g3 Nc6 4. Bg2 g6 5. c3 Bg7 6. d4 cxd4 7. cxd4 Nf6 8. Nbc3 0-0 9. 0-0 Bd7 10. h3 Rc8 11. Be3 Na5 12. b3 b5 13. Qd2 b4 14. Nd5 Nxd5 15. exd5 Qb6 16. Rfc1 Rfe8 17. Nf4 Nb7 18. h4 Bf5 19. f3 a5 20. g4 Bd7 21. Bf1 Bb5 22. Bxb5 Qxb5 23. Rxc8 Rxc8 24. Rc1 Qd7 25. Kf2 Nd8 26. Qd3 Rxc1 27. Bxc1 Qc7 28. Be3 e6 29. Qc4 Qd7 30. dxe6 Nxe6 31. Nxe6 Qxe6 32. d5 Qe5 33. Qc8+ Bf8 34. Bb6 Qh2+ 35. Ke3 Qe5+ 36. Kf2 Qh2+ 37. Kf1 Qh1+ 38. Ke2 Qg2+ 39. Ke1 1/2-1/2

[Event "Liptovsky Mikulas V4 U15 op"]
[Site "Liptovsky Mikulas"]
[Date "2017.06.25"]
[Round "8"]
[White "Priechodsky, Radovan"]
[Black "Jozefczyk, Szymon"]
[Result "1/2-1/2"]
[WhiteElo "1313"]
[BlackElo "1245"]
[PlyCount "59"]
[EventDate "2017.06.21"]
[EventType "swiss"]
[EventRounds "9"]
[EventCountry "SVK"]
[SourceTitle "CBM 179 Extra"]
[Source "ChessBase"]
[SourceDate "2017.08.23"]
[SourceVersion "1"]
[SourceVersionDate "2017.08.23"]
[SourceQuality "1"]

1. e4 c5 2. Nc3 d6 3. f4 e6 4. Nf3 Nc6 5. Bb5 Bd7 6. 0-0 Nge7 7. d3 a6 8. Bxc6 Nxc6 9. Be3 b6 10. Qe1 g6 11. Bd2 Bg7 12. Ng5 Nd4 13. Rc1 0-0 14. e5 d5 15. Ne2 Nc6 16. Rf3 h6 17. Nh3 Ne7 18. g4 Kh7 19. Qg3 Rh8 20. Nf2 Kg8 21. Nc3 Bc6 22. Re1 Qd7 23. Qh4 Re8 24. Rh3 b5 25. Ne2 Bb7 26. d4 c4 27. Bb4 Nc6 28. Bc5 Qd8 29. Qg3 Qa5 30. c3 1/2-1/2

[Event "Liptovsky Mikulas V4 U15 op"]
[Site "Liptovsky Mikulas"]
[Date "2017.06.21"]
[Round "1"]
[White "Jozefczyk, Szymon"]
[Black "Sosovickova, Jana"]
[Result "0-1"]
[WhiteElo "1245"]
[BlackElo "1513"]
[PlyCount "130"]
[EventDate "2017.06.21"]
[EventType "swiss"]
[EventRounds "9"]
[EventCountry "SVK"]
[SourceTitle "CBM 179 Extra"]
[Source "ChessBase"]
[SourceDate "2017.08.23"]
[SourceVersion "1"]
[SourceVersionDate "2017.08.23"]
[SourceQuality "1"]

1. e4 e5 2. Nf3 Nc6 3. Bc4 Bc5 4. d3 h6 5. 0-0 d6 6. Be3 Bb6 7. h3 Be6 8. Bb3 Nf6 9. c3 Qd7 10. Nbd2 0-0 11. Bxb6 axb6 12. d4 exd4 13. cxd4 d5 14. e5 Nh7 15. h4 Bg4 16. Qc2 Rfe8 17. Qc3 Nf8 18. Rfe1 Rad8 19. Ba4 Ng6 20. Rac1 Nge7 21. b4 Ra8 22. Bb3 Rec8 23. Ra1 Ng6 24. a3 Bxf3 25. Nxf3 Qg4 26. Nh2 Qxd4 27. Qxd4 Nxd4 28. Bxd5 c6 29. Be4 Nxh4 30. Rad1 Rd8 31. Rd3 Ne6 32. Red1 Rxd3 33. Rxd3 Ng5 34. Re3 Nxe4 35. Rxe4 Ng6 36. Re3 Re8 37. Nf3 Kf8 38. Kf1 Nf4 39. Nd2 Rd8 40. Nc4 Rd1+ 41. Re1 Rxe1+ 42. Kxe1 Nxg2+ 43. Kf1 Nf4 44. Nxb6 Ne6 45. Nc4 Nd8 46. Ke2 Ke7 47. f4 Ke6 48. Ke3 g5 49. fxg5 hxg5 50. Ke4 f5+ 51. exf6 Kxf6 52. Kf3 Nf7 53. Ne3 Ne5+ 54. Kg3 b5 55. Ng4+ Nxg4 56. Kxg4 Kg6 57. Kg3 Kf5 58. Kf3 g4+ 59. Kg3 Kg5 60. Kg2 Kf4 61. Kf2 g3+ 62. Kg2 Kg4 63. Kg1 Kf3 64. Kf1 g2+ 65. Kg1 Kg3 0-1